000 01210nam0a2200337 4500
001 RU\NLR\BIBL_A\011714727
005 20180607110255.0
010 _a978-5-04-090484-6
_95000
021 _aRU
_bКН-П-18-031860
_9КН-П-18-2319
035 _a(NLR Aleph) 011714727
035 _a(RuMoRGB)009621522
090 _a11451584
_c11451584
100 _a20180529d2018 e y0rusy50 ca
101 1 _arus
_ceng
102 _aRU
105 _ay|||zzzz000 y
200 1 _aРеально мегастранная
_fБет Гэррод
_g[перевод с английского Д.О. Смирновой]
210 _aМосква
_cFreedom
_cЭксмо
_d2018
215 _a478 с.
_d21
225 1 _aОдно сплошное невезение, или Моя веселенькая жизнь
333 _aДля старшего школьного возраста; 16+
686 _aШ9(2)72(4Вл)
_2rubbk
686 0 _aШ9(7США)62-4
700 1 _aГэррод
_bБ.
_gБет
_3RU\NLR\AUTH\770180602
942 _cBOOK
980 _aNBR
980 _aNB